[Event "AUT Bundesliga 2019-20"]
[Site "Linz"]
[Date "2019.10.10"]
[Round "1.1"]
[White "Navara, David"]
[Black "Krassowizkij, Jaroslaw"]
[Result "1/2-1/2"]
[WhiteElo "2717"]
[BlackElo "2436"]
[Annotator "TA"]
[PlyCount "118"]
[EventDate "2019.10.10"]
[EventType "team-tourn"]
[EventCountry "AUT"]
[SourceTitle "playchess.com"]
[Source "ChessBase"]
[SourceQuality "1"]

{[%evp 20,118,13,14,22,0,0,0,0,8,6,-14,-2,-17,-10,-6,-8,-6,-13,-2,-24,-73,-63,-102,0,-6,0,0,0,0,0,0,0,0,0,0,0,-27,-25,-36,-35,-62,-2,-88,-88,-88,-88,-88,-97,-158,-179,-168,0,0,0,-72,0,0,0,-658,-658,-626,-572,-1443,-1213,-944,-322,-966,-970,-1919,-1545,-1592,-1625,-12833,-12317,-12840,-12840,-2884,0,0,0,0,0,0,0,0,0,0,0,0,0,0,0,0,0,0,0,0,0,0,0]} 1. d4 d5 2. c4 e6 3. Nc3 Nf6 4. cxd5 Nxd5 5. e4 Nxc3 6. bxc3 c5 7. Nf3 cxd4 8. cxd4 Bb4+ 9. Bd2 Bxd2+ 10. Qxd2 O-O 11. Rc1 b6 {D41: Queen's Gambit Declined: Semi-Tarrasch with 5 cxd5} 12. h4 (12. Bd3 Bb7 13. O-O Nd7 14. Qf4 Nf6 15. h4 h6 16. Rfe1 Rc8 17. e5 Rxc1 18. Rxc1 Nh5 19. Qg4 Bxf3 20. gxf3 {1-0 (47) Bu,X (2729)-Dominguez Perez,L (2750) Hengshui 2019}) 12... Bb7 13. Bd3 Nc6 14. Bb1 $146 ({Predecessor:} 14. e5 Ne7 15. Ng5 Nf5 16. Bxf5 exf5 17. Qf4 Qd7 {½-½ (17) Schlindwein,R (2447)-Upleger,M (2250) Fuerth 1999}) 14... Qd6 15. h5 Rfd8 {[%cal Rc6d4]} 16. e5 Qb4 17. Be4 Rac8 {[%cal Rc6d4]} 18. Bxc6 $1 Qxd2+ ({But not} 18... Rxc6 $2 19. Qxb4 Rxc1+ 20. Kd2 $18) 19. Kxd2 Bxc6 20. h6 gxh6 21. Kd3 Rd5 (21... Kf8 $17) 22. Ke3 $11 Ra5 23. Rxh6 Bb7 24. Rxc8+ Bxc8 {[%mdl 4096] Endgame KRB-KRN} 25. Ng5 Ra3+ 26. Kf4 Rxa2 27. Kg3 Bd7 28. Nxh7 Kg7 29. Rh4 Bc6 30. Nf6 a5 ({Black should try} 30... b5 $1 $15) 31. Rh7+ (31. d5 $1 $11 {remains equal.} exd5 32. Rh7+ Kg6 33. f3) 31... Kf8 $1 $17 32. Rh8+ Ke7 $1 33. Rc8 Rc2 $1 34. Rc7+ (34. d5 $142 exd5 35. Nxd5+ Ke6 {[%mdl 64] Double Attack} 36. Ne3) 34... Kd8 35. Rxf7 Rd2 $2 ({Better is} 35... a4 $1 $19 36. Nh5 Be8) 36. d5 Bxd5 37. Rd7+ $1 Kc8 38. Rd6 $1 Kc7 39. Nxd5+ $2 {[%mdl 8192]} (39. Rd7+ $11 Kc6 40. Rd6+ Kc7 41. Rd7+ (41. Nxd5+ Rxd5 42. Rxe6 a4 $15) 41... Kc8 42. Rd6) 39... Rxd5 $19 40. Rxe6 $11 {KR-KR} a4 41. Kf4 a3 42. Rh6 a2 $2 (42... Ra5 43. Rh7+ Kc6 44. Rh6+ Kc5) 43. Rh1 $2 (43. Rh7+ Kc6 44. Rh6+ Kd7 45. Rh1) 43... b5 $19 44. Ra1 Rd2 $1 45. Ke3 Rb2 $1 46. g4 {[#]} b4 $1 {[%cal Rb4b3]} 47. g5 b3 48. g6 Rxf2 $2 (48... Rb1 $19 49. g7 b2 50. Rxa2 Re1+ 51. Kd2 {[#]} Rd1+ $3 {[%mdl 576] Decoy, Promotion} 52. Kxd1 b1=Q+ {[%mdl 64] Double Attack} 53. Ke2 Qxa2+ 54. Ke3 Qf7 55. Kd4 Qxg7 56. Ke4 Qf7 57. f3 Qh7+ 58. Ke3 Qf5 59. f4 Qh3+ 60. Ke2 Kd7 61. f5 Qxf5 62. Kd2 Qf3 63. Kc1 Ke6 64. Kc2 Kd5 65. Kb2 Kc4 66. Kc2 Qf2+ 67. Kc1 Kc3 68. e6 Qg1#) 49. Kxf2 $11 {Hoping for g7.The position is equal.} b2 50. Rxa2 b1=Q {[%mdl 64] Double Attack. KQ-KR} 51. Re2 Kd7 52. g7 Qg6 53. e6+ Ke7 (53... Kc7 $5) 54. Rb2 Qf6+ 55. Ke1 Qc3+ 56. Rd2 Qg3+ 57. Kf1 Qf3+ (57... Qg5 $5 58. Rg2 $8 Qf6+ 59. Ke1 Qh4+ 60. Kd2 Qf4+ 61. Ke1 Qh4+ 62. Kd2 Qh6+ 63. Ke1 Qh1+ 64. Kf2 Qh4+ 65. Kf1 Qh1+ 66. Kf2 Qh4+ 67. Kf1 Qf6+ 68. Ke1 Qe5+ 69. Kf1 Qf6+ $11) 58. Kg1 Qe3+ 59. Kf1 Qf3+ {Accuracy: White = 42%, Black = 71%.} (59... Qg5 $5 60. Rg2 $8 Qf5+ 61. Kg1 Qb1+ 62. Kf2 Qb6+ 63. Ke1 Qe3+ 64. Kf1 Qf3+ 65. Kg1 Qd1+ 66. Kh2 Qd6+ 67. Kh1 Qd1+ 68. Kh2 Qd6+ 69. Kh1 Qd1+ 70. Kh2 $11) 1/2-1/2

[Event "AUT Bundesliga 2019-20"]
[Site "Linz"]
[Date "2019.10.10"]
[Round "1.1"]
[White "Hera, Imre Jr."]
[Black "Jovanovic, Dusan D"]
[Result "1-0"]
[WhiteElo "2610"]
[BlackElo "2418"]
[Annotator "ChessBase"]
[PlyCount "77"]
[EventDate "2019.10.10"]
[EventType "team-tourn"]
[EventCountry "AUT"]
[SourceTitle "playchess.com"]
[Source "ChessBase"]
[SourceQuality "1"]
[TimeControl "40/5400+30:1800+30"]

1. g3 {[%emt 0:00:00]} Nf6 {[%emt 0:00:00]} 2. Bg2 {[%emt 0:00:00]} e6 {[%emt 0:01:19]} 3. d3 {[%emt 0:04:18]} d5 {[%emt 0:05:00]} 4. Nd2 {[%emt 0:00:37]} Nbd7 {[%emt 0:01:32]} 5. e4 {[%emt 0:03:56]} dxe4 {[%emt 0:02:53]} 6. dxe4 {[%emt 0:00:09]} Bc5 {[%emt 0:00:51]} 7. Ngf3 {[%emt 0:00:56]} e5 {[%emt 0:03:07]} 8. O-O {[%emt 0:00:24]} O-O {[%emt 0:00:15]} 9. Nh4 {[%emt 0:13:39]} g6 {[%emt 0:12:18]} 10. Nb3 {[%emt 0:01:31]} Be7 {[%emt 0:03:23]} 11. Qe2 {[%emt 0:01:29]} Ne8 {[%emt 0:06:11]} 12. Nf3 {[%emt 0:01:41]} Bd6 {[%emt 0:05:51]} 13. Na5 {[%emt 0:07:43]} Nb6 {[%emt 0:04:03]} 14. Bh6 {[%emt 0:01:02]} Ng7 {[%emt 0:00:21]} 15. Nd2 {[%emt 0:01:54]} Re8 {[%emt 0:07:43]} 16. Rad1 {[%emt 0:03:17]} Bf8 {[%emt 0:03:04]} 17. c3 {[%emt 0:05:38]} c6 {[%emt 0:02:21]} 18. b4 {[%emt 0:13:34]} Qc7 {[%emt 0:02:01]} 19. f4 {[%emt 0:03:11]} exf4 {[%emt 0:05:12]} 20. gxf4 {[%emt 0:03:43]} Be6 {[%emt 0:07:49]} 21. a3 {[%emt 0:02:59]} f5 {[%emt 0:02:41]} 22. c4 {[%emt 0:05:43]} Rad8 {[%emt 0:05:17]} 23. e5 {[%emt 0:01:30]} Na4 {[%emt 0:00:42]} 24. Rc1 {[%emt 0:03:15]} Rd7 {[%emt 0:02:58]} 25. Nf3 {[%emt 0:01:33]} Be7 {[%emt 0:02:36]} 26. Ng5 {[%emt 0:02:37]} Red8 {[%emt 0:00:39]} 27. Nb3 {[%emt 0:06:15]} Rd3 {[%emt 0:00:43]} 28. Nxe6 {[%emt 0:00:56]} Nxe6 {[%emt 0:00:24]} 29. Bd5 {[%emt 0:02:47]} R3xd5 {[%emt 0:01:49]} 30. cxd5 {[%emt 0:00:04]} Rxd5 {[%emt 0:00:08]} 31. Rfd1 {[%emt 0:01:20]} Nb6 {[%emt 0:02:06]} 32. Rxd5 {[%emt 0:02:06]} Nxd5 {[%emt 0:00:08]} 33. Qf2 {[%emt 0:00:21]} Qb8 {[%emt 0:01:19]} 34. Nd4 {[%emt 0:00:18]} Nxd4 {[%emt 0:04:49]} 35. Qxd4 {[%emt 0:00:02]} Bd8 {[%emt 0:00:24]} 36. Kh1 {[%emt 0:01:23]} Kf7 {[%emt 0:02:13]} 37. b5 {[%emt 0:00:37]} Be7 {[%emt 0:02:43]} 38. bxc6 {[%emt 0:02:31]} bxc6 {[%emt 0:00:09]} 39. e6+ {[%emt 0:00:18]} 1-0

[Event "AUT Bundesliga 2019-20"]
[Site "Linz"]
[Date "2019.10.10"]
[Round "1.1"]
[White "Michalik, Peter"]
[Black "Kunin, Vitaly"]
[Result "1-0"]
[WhiteElo "2578"]
[BlackElo "2551"]
[Annotator "ChessBase"]
[PlyCount "80"]
[EventDate "2019.10.10"]
[EventType "team-tourn"]
[EventCountry "AUT"]
[SourceTitle "playchess.com"]
[Source "ChessBase"]
[SourceQuality "1"]
[TimeControl "40/5400+30:1800+30"]

1. d4 {[%emt 0:00:00]} d5 {[%emt 0:00:15]} 2. c4 {[%emt 0:00:02]} dxc4 {[%emt 0:00:18]} 3. Nf3 {[%emt 0:00:08]} a6 {[%emt 0:01:09]} 4. e3 {[%emt 0:00:57]} Bg4 {[%emt 0:00:33]} 5. Bxc4 {[%emt 0:00:22]} e6 {[%emt 0:00:08]} 6. Nc3 {[%emt 0:01:22]} Nc6 {[%emt 0:01:15]} 7. O-O {[%emt 0:04:09]} Nf6 {[%emt 0:01:08]} 8. b3 {[%emt 0:00:26]} Bd6 {[%emt 0:00:28]} 9. Bb2 {[%emt 0:00:11]} O-O {[%emt 0:00:51]} 10. Be2 {[%emt 0:02:14]} Qe7 {[%emt 0:01:56]} 11. h3 {[%emt 0:05:46]} Bh5 {[%emt 0:00:15]} 12. Nd2 {[%emt 0:02:08]} Bg6 {[%emt 0:04:47]} 13. Bf3 {[%emt 0:03:55]} Rfd8 {[%emt 0:10:03]} 14. Nce4 {[%emt 0:03:25]} Nxe4 {[%emt 0:01:59]} 15. Nxe4 {[%emt 0:00:56]} Nb4 {[%emt 0:06:55]} 16. Nxd6 {[%emt 0:03:54]} cxd6 {[%emt 0:01:21]} 17. d5 {[%emt 0:03:46]} Nd3 {[%emt 0:08:52]} 18. Ba3 {[%emt 0:00:31]} exd5 {[%emt 0:01:50]} 19. Be2 {[%emt 0:04:30]} Nc5 {[%emt 0:08:55]} 20. Qxd5 {[%emt 0:00:14]} Be4 {[%emt 0:00:13]} 21. Qd4 {[%emt 0:02:06]} Qg5 {[%emt 0:01:46]} 22. g3 {[%emt 0:05:04]} Bc6 {[%emt 0:00:53]} 23. h4 {[%emt 0:03:50]} Qg6 {[%emt 0:06:24]} 24. Qg4 {[%emt 0:03:52]} Qf6 {[%emt 0:04:54]} 25. Rab1 {[%emt 0:06:26]} Nd7 {[%emt 0:01:59]} 26. Qf4 {[%emt 0:03:18]} Qe6 {[%emt 0:04:48]} 27. Kh2 {[%emt 0:09:37]} Ne5 {[%emt 0:01:12]} 28. Rbd1 {[%emt 0:00:09]} Bb5 {[%emt 0:06:42]} 29. Rfe1 {[%emt 0:01:37]} h6 {[%emt 0:00:40]} 30. Bb2 {[%emt 0:03:38]} Rac8 {[%emt 0:04:28]} 31. Bxb5 {[%emt 0:03:19]} axb5 {[%emt 0:00:16]} 32. Re2 {[%emt 0:00:02]} f6 {[%emt 0:03:58]} 33. Kg2 {[%emt 0:02:12]} g5 {[%emt 0:01:45]} 34. Qd4 {[%emt 0:03:28]} Rc5 {[%emt 0:10:51]} 35. f4 {[%emt 0:06:18]} Qg4 {[%emt 0:02:27]} 36. Rf2 {[%emt 0:01:16]} gxf4 {[%emt 0:01:08]} 37. exf4 {[%emt 0:00:42]} Nd7 {[%emt 0:00:21]} 38. Qxd6 {[%emt 0:00:46]} Qf5 {[%emt 0:00:45]} 39. Qe7 {[%emt 0:01:59]} Rcc8 {[%emt 0:00:24]} 40. Rfd2 {[%emt 0:00:00]} Qg4 {[%emt 0:00:00]} 1-0

[Event "AUT Bundesliga 2019-20"]
[Site "Linz"]
[Date "2019.10.10"]
[Round "1.2"]
[White "Juhasz, Kristof"]
[Black "Korpa, Bence"]
[Result "1/2-1/2"]
[WhiteElo "2438"]
[BlackElo "2560"]
[Annotator "ChessBase"]
[PlyCount "61"]
[EventDate "2019.10.10"]
[EventType "team-tourn"]
[EventCountry "AUT"]
[SourceTitle "playchess.com"]
[Source "ChessBase"]
[SourceQuality "1"]
[TimeControl "40/5400+30:1800+30"]

1. d4 {[%emt 0:00:26]} Nf6 {[%emt 0:00:00]} 2. c4 {[%emt 0:00:23]} e6 {[%emt 0:00:02]} 3. Nf3 {[%emt 0:01:11]} d5 {[%emt 0:00:15]} 4. Nc3 {[%emt 0:00:35]} c5 {[%emt 0:00:16]} 5. cxd5 {[%emt 0:00:35]} Nxd5 {[%emt 0:00:08]} 6. g3 {[%emt 0:01:24]} Nxc3 {[%emt 0:00:39]} 7. bxc3 {[%emt 0:00:10]} cxd4 {[%emt 0:00:05]} 8. cxd4 {[%emt 0:00:18]} Bb4+ {[%emt 0:00:10]} 9. Bd2 {[%emt 0:00:08]} Bxd2+ {[%emt 0:00:07]} 10. Qxd2 {[%emt 0:00:05]} b6 {[%emt 0:00:11]} 11. Bg2 {[%emt 0:00:04]} Bb7 {[%emt 0:00:05]} 12. O-O {[%emt 0:00:08]} O-O {[%emt 0:01:07]} 13. a4 {[%emt 0:00:09]} a5 {[%emt 0:01:57]} 14. Rfc1 {[%emt 0:01:00]} Nd7 {[%emt 0:06:14]} 15. Qb2 {[%emt 0:04:18]} Rc8 {[%emt 0:07:58]} 16. Rxc8 {[%emt 0:04:06]} Qxc8 {[%emt 0:00:12]} 17. Rc1 {[%emt 0:01:03]} Qb8 {[%emt 0:02:27]} 18. Qb5 {[%emt 0:15:04]} Rd8 {[%emt 0:14:16]} 19. Nd2 {[%emt 0:04:29]} h6 {[%emt 0:07:37]} 20. e3 {[%emt 0:04:37]} Rc8 {[%emt 0:10:43]} 21. Rxc8+ {[%emt 0:03:58]} Qxc8 {[%emt 0:00:08]} 22. Bxb7 {[%emt 0:01:04]} Qxb7 {[%emt 0:00:07]} 23. Nc4 {[%emt 0:01:37]} Qd5 {[%emt 0:03:10]} 24. Qxd5 {[%emt 0:06:13]} exd5 {[%emt 0:00:10]} 25. Nd6 {[%emt 0:00:09]} Kf8 {[%emt 0:01:02]} 26. Kf1 {[%emt 0:04:06]} Ke7 {[%emt 0:00:34]} 27. Nf5+ {[%emt 0:01:08]} Kf6 {[%emt 0:01:16]} 28. Nd6 {[%emt 0:00:08]} Ke7 {[%emt 0:14:47]} 29. Nf5+ {[%emt 0:01:26]} Kf6 {[%emt 0:00:10]} 30. Nd6 {[%emt 0:00:14]} Ke7 {[%emt 0:00:06]} 31. Nf5+ 1/2-1/2

[Event "AUT Bundesliga 2019-20"]
[Site "Linz"]
[Date "2019.10.10"]
[Round "1.2"]
[White "Sergeev, Vladimir"]
[Black "Votava, Jan"]
[Result "1/2-1/2"]
[WhiteElo "2395"]
[BlackElo "2521"]
[Annotator "ChessBase"]
[PlyCount "69"]
[EventDate "2019.10.10"]
[EventType "team-tourn"]
[EventCountry "AUT"]
[SourceTitle "playchess.com"]
[Source "ChessBase"]
[SourceQuality "1"]
[TimeControl "40/5400+30:1800+30"]

1. d4 {[%emt 0:00:00]} Nf6 {[%emt 0:00:00]} 2. Nf3 {[%emt 0:00:00]} d5 {[%emt 0:02:23]} 3. c3 {[%emt 0:00:00]} e6 {[%emt 0:01:16]} 4. Bg5 {[%emt 0:00:39]} h6 {[%emt 0:00:53]} 5. Bh4 {[%emt 0:00:13]} Be7 {[%emt 0:01:12]} 6. Nbd2 {[%emt 0:00:08]} b6 {[%emt 0:02:03]} 7. e3 {[%emt 0:00:07]} Bb7 {[%emt 0:00:19]} 8. Ne5 {[%emt 0:00:42]} Nfd7 {[%emt 0:09:29]} 9. Bxe7 {[%emt 0:03:50]} Qxe7 {[%emt 0:00:24]} 10. Ndf3 {[%emt 0:02:55]} O-O {[%emt 0:02:29]} 11. Bd3 {[%emt 0:00:11]} Nxe5 {[%emt 0:10:01]} 12. Nxe5 {[%emt 0:00:48]} Nc6 {[%emt 0:01:43]} 13. Nxc6 {[%emt 0:03:27]} Bxc6 {[%emt 0:00:59]} 14. Qh5 {[%emt 0:00:09]} f5 {[%emt 0:15:57]} 15. f4 {[%emt 0:04:47]} Be8 {[%emt 0:00:27]} 16. Qh3 {[%emt 0:00:23]} c5 {[%emt 0:00:40]} 17. g4 {[%emt 0:01:11]} Bg6 {[%emt 0:12:26]} 18. Qg3 {[%emt 0:01:31]} Qf7 {[%emt 0:12:24]} 19. Rg1 {[%emt 0:11:04]} cxd4 {[%emt 0:03:12]} 20. cxd4 {[%emt 0:09:32]} Rac8 {[%emt 0:00:05]} 21. g5 {[%emt 0:00:30]} h5 {[%emt 0:08:24]} 22. Rg2 {[%emt 0:09:47]} Qe7 {[%emt 0:01:43]} 23. a3 {[%emt 0:00:21]} Rc7 {[%emt 0:00:29]} 24. Rc2 {[%emt 0:00:42]} Rxc2 {[%emt 0:01:46]} 25. Bxc2 {[%emt 0:02:01]} Rc8 {[%emt 0:01:46]} 26. Qf2 {[%emt 0:05:16]} Be8 {[%emt 0:01:34]} 27. Bd3 {[%emt 0:02:54]} g6 {[%emt 0:02:52]} 28. Qd2 {[%emt 0:00:48]} Kf7 {[%emt 0:02:32]} 29. Rc1 {[%emt 0:02:05]} Rc7 {[%emt 0:00:33]} 30. Rc3 {[%emt 0:00:21]} Qd6 {[%emt 0:00:30]} 31. Qc2 {[%emt 0:00:26]} Rxc3 {[%emt 0:00:25]} 32. Qxc3 {[%emt 0:00:09]} Bd7 {[%emt 0:01:12]} 33. Kd2 {[%emt 0:02:55]} Ke7 {[%emt 0:00:33]} 34. h4 {[%emt 0:01:18]} Kd8 {[%emt 0:00:00]} 35. Be2 {[%emt 0:01:18]} 1/2-1/2

[Event "AUT Bundesliga 2019-20"]
[Site "Linz"]
[Date "2019.10.10"]
[Round "1.2"]
[White "Walter, Stefan"]
[Black "Handler, Lukas"]
[Result "1-0"]
[WhiteElo "2394"]
[BlackElo "2420"]
[Annotator "NA"]
[PlyCount "125"]
[EventDate "2019.10.10"]
[EventType "team-tourn"]
[EventCountry "AUT"]
[SourceTitle "playchess.com"]
[Source "ChessBase"]
[SourceQuality "1"]
[TimeControl "40/5400+30:1800+30"]

1. d4 {[%emt 0:00:00]} d5 {[%emt 0:00:00]} 2. c4 {[%emt 0:00:00]} e6 {[%emt 0:00:00]} 3. Nc3 {[%emt 0:00:06]} Bb4 {[%emt 0:00:00]} 4. Nf3 {[%emt 0:00:50]} Nf6 {[%emt 0:00:00]} 5. Qa4+ {[%emt 0:01:07]} Nc6 {[%emt 0:00:06]} 6. Ne5 {[%emt 0:00:17]} Bd7 {[%emt 0:01:13]} 7. Nxd7 {[%emt 0:00:29]} Qxd7 {[%emt 0:01:09]} 8. e3 {[%emt 0:06:43]} O-O {[%emt 0:05:22]} 9. a3 {[%emt 0:01:28]} Bxc3+ {[%emt 0:02:09]} 10. bxc3 {[%emt 0:00:07]} a6 {[%emt 0:06:33]} 11. cxd5 {[%emt 0:10:53]} exd5 {[%emt 0:00:46]} 12. Be2 {[%emt 0:15:22]} Rfe8 {[%emt 0:09:28]} 13. c4 {[%emt 0:04:38]} Qf5 {[%emt 0:18:22]} 14. cxd5 {[%emt 0:22:16]} Qxd5 {[%emt 0:03:50]} 15. O-O {[%emt 0:02:37]} Nxd4 {[%emt 0:05:30]} 16. Bc4 {[%emt 0:00:15]} Qc6 {[%emt 0:05:47]} 17. Bxf7+ {[%emt 0:01:54]} Kxf7 {[%emt 0:00:10]} 18. Qxd4 {[%emt 0:00:07]} Rad8 {[%emt 0:00:57]} 19. Qb2 {[%emt 0:04:42]} Ng4 {[%emt 0:07:02]} 20. Qe2 {[%emt 0:04:30]} Ne5 {[%emt 0:02:58]} 21. Bb2 {[%emt 0:02:08]} Nc4 {[%emt 0:03:05]} 22. Rac1 {[%emt 0:02:42]} b5 {[%emt 0:00:07]} 23. Qg4 {[%emt 0:00:57]} Qg6 {[%emt 0:03:20]} 24. Rxc4 {[%emt 0:00:50]} bxc4 {[%emt 0:00:09]} 25. Qxc4+ {[%emt 0:00:06]} Kf8 {[%emt 0:00:49]} 26. Bd4 {[%emt 0:04:05]} Qe6 {[%emt 0:10:01]} 27. Qxc7 {[%emt 0:00:17]} Rd7 {[%emt 0:00:11]} 28. Qc5+ {[%emt 0:01:25]} Kg8 {[%emt 0:00:04]} 29. h3 {[%emt 0:01:44]} Rd5 {[%emt 0:01:03]} 30. Qc7 {[%emt 0:00:57]} Rd7 {[%emt 0:01:42]} 31. Qc3 {[%emt 0:01:12]} Rf7 {[%emt 0:01:14]} 32. Rc1 {[%emt 0:03:33]} Qf5 {[%emt 0:03:43]} 33. f3 {[%emt 0:00:26]} h6 {[%emt 0:00:30]} 34. Qc4 {[%emt 0:01:28]} Qe6 {[%emt 0:00:53]} 35. Qd3 {[%emt 0:02:55]} Rc8 {[%emt 0:02:43]} 36. Rb1 {[%emt 0:01:20]} Qc4 {[%emt 0:01:33]} 37. Qxc4 {[%emt 0:02:59]} Rxc4 {[%emt 0:00:03]} 38. Rb6 {[%emt 0:00:31]} Ra4 {[%emt 0:01:15]} 39. Bc5 {[%emt 0:00:53]} Rc4 {[%emt 0:00:08]} 40. Bd4 {[%emt 0:00:00]} Ra4 {[%emt 0:00:00]} 41. Rb3 {[%emt 0:01:50]} Rc7 {[%emt 0:02:38]} 42. f4 {[%emt 0:00:25]} Ra5 {[%emt 0:03:43]} 43. Kf2 {[%emt 0:02:04]} g5 {[%emt 0:04:24]} 44. Kf3 {[%emt 0:02:51]} Kf7 {[%emt 0:03:47]} 45. Rb6 {[%emt 0:04:21]} gxf4 {[%emt 0:02:41]} 46. Rxh6 {[%emt 0:02:19]} Rc2 {[%emt 0:01:03]} 47. Rf6+ {[%emt 0:00:19]} Ke7 {[%emt 0:00:55]} 48. Rxf4 {[%emt 0:00:06]} Rxa3 {[%emt 0:00:07]} 49. h4 {[%emt 0:00:20]} Raa2 {[%emt 0:01:10]} 50. Re4+ {[%emt 0:00:34]} Kf7 {[%emt 0:00:40]} 51. g4 {[%emt 0:01:11]} Rf2+ {[%emt 0:02:16]} 52. Kg3 {[%emt 0:00:05]} a5 {[%emt 0:01:44]} 53. h5 {[%emt 0:00:38]} a4 {[%emt 0:00:44]} 54. Re5 {[%emt 0:01:10]} a3 {[%emt 0:02:47]} 55. Ra5 {[%emt 0:00:14]} Rg2+ {[%emt 0:00:57]} 56. Kf4 {[%emt 0:06:45]} Raf2+ {[%emt 0:01:21]} 57. Kg5 {[%emt 0:00:13]} Rf3 {[%emt 0:06:03]} 58. h6 {[%emt 0:02:02]} Rfg3 {[%emt 0:00:42]} 59. h7 {[%emt 0:04:04]} Rxg4+ {[%emt 0:00:06]} 60. Kf5 {[%emt 0:00:41]} Rg5+ {[%emt 0:02:58]} 61. Ke4 {[%emt 0:02:01]} R2g4+ {[%emt 0:00:15]} 62. Kf3 {[%emt 0:01:59]} Rxd4 {[%emt 0:00:54]} 63. Ra7+ {[%emt 0:01:01] Re4 Kxe4+} 1-0

[Event "AUT Bundesliga 2019-20"]
[Site "Linz"]
[Date "2019.10.10"]
[Round "1.3"]
[White "Ruck, Robert"]
[Black "Juhasz, Armin"]
[Result "1/2-1/2"]
[WhiteElo "2530"]
[BlackElo "2387"]
[Annotator "ChessBase"]
[PlyCount "62"]
[EventDate "2019.10.10"]
[EventType "team-tourn"]
[EventCountry "AUT"]
[SourceTitle "playchess.com"]
[Source "ChessBase"]
[SourceQuality "1"]
[TimeControl "40/5400+30:1800+30"]

1. Nf3 {[%emt 0:00:00]} d5 {[%emt 0:00:00]} 2. g3 {[%emt 0:00:40]} g6 {[%emt 0:00:06]} 3. c4 {[%emt 0:00:19]} c6 {[%emt 0:00:23]} 4. Qa4 {[%emt 0:00:20]} d4 {[%emt 0:03:12]} 5. b4 {[%emt 0:02:06]} Bg7 {[%emt 0:01:10]} 6. Bb2 {[%emt 0:03:26]} e5 {[%emt 0:03:24]} 7. d3 {[%emt 0:00:06]} Ne7 {[%emt 0:01:57]} 8. Nbd2 {[%emt 0:02:21]} O-O {[%emt 0:04:06]} 9. Bg2 {[%emt 0:00:04]} Bf5 {[%emt 0:04:00]} 10. Ng5 {[%emt 0:15:32]} Nd7 {[%emt 0:04:25]} 11. Nb3 {[%emt 0:03:14]} Qc7 {[%emt 0:06:09]} 12. O-O {[%emt 0:03:04]} Nf6 {[%emt 0:06:41]} 13. Nf3 {[%emt 0:16:45]} Rfe8 {[%emt 0:05:15]} 14. Rfc1 {[%emt 0:07:40]} Nd7 {[%emt 0:03:07]} 15. Nfd2 {[%emt 0:02:42]} Bg4 {[%emt 0:04:06]} 16. Re1 {[%emt 0:00:21]} Nc8 {[%emt 0:05:45]} 17. c5 {[%emt 0:07:38]} Be6 {[%emt 0:04:18]} 18. b5 {[%emt 0:08:09]} Ne7 {[%emt 0:02:43]} 19. Rac1 {[%emt 0:03:35]} Bd5 {[%emt 0:04:22]} 20. Ne4 {[%emt 0:06:56]} Nf5 {[%emt 0:07:53]} 21. Ba3 {[%emt 0:01:56]} Bf8 {[%emt 0:03:57]} 22. Na5 {[%emt 0:03:34]} Reb8 {[%emt 0:08:28]} 23. Rc2 {[%emt 0:06:44]} Be7 {[%emt 0:05:14]} 24. Rec1 {[%emt 0:00:30]} a6 {[%emt 0:04:22]} 25. bxc6 {[%emt 0:00:30]} bxc6 {[%emt 0:00:20]} 26. Nd6 {[%emt 0:03:22]} Bxg2 {[%emt 0:00:33]} 27. Kxg2 {[%emt 0:00:22]} Rb5 {[%emt 0:00:57]} 28. Nxf5 {[%emt 0:00:35]} gxf5 {[%emt 0:00:08]} 29. Nb3 {[%emt 0:00:12]} Nf6 {[%emt 0:01:31]} 30. Bb4 {[%emt 0:00:26]} Qd7 {[%emt 0:02:29]} 31. Bd2 {[%emt 0:00:30]} a5 {[%emt 0:01:43]} 1/2-1/2

[Event "AUT Bundesliga 2019-20"]
[Site "Linz"]
[Date "2019.10.10"]
[Round "1.3"]
[White "Kreisl, Robert"]
[Black "Kessler, Luca"]
[Result "1/2-1/2"]
[WhiteElo "2391"]
[BlackElo "2440"]
[Annotator "NA"]
[PlyCount "53"]
[EventDate "2019.10.10"]
[EventType "team-tourn"]
[EventCountry "AUT"]
[SourceTitle "playchess.com"]
[Source "ChessBase"]
[SourceQuality "1"]
[TimeControl "40/5400+30:1800+30"]

1. d4 {[%emt 0:00:12]} g6 {[%emt 0:00:29]} 2. Nf3 {[%emt 0:05:13]} Bg7 {[%emt 0:00:07]} 3. e4 {[%emt 0:01:41]} d6 {[%emt 0:06:08]} 4. Be3 {[%emt 0:00:05]} Nf6 {[%emt 0:13:57]} 5. Nc3 {[%emt 0:00:21]} O-O {[%emt 0:00:17]} 6. Qd2 {[%emt 0:05:37]} a6 {[%emt 0:04:53]} 7. Bh6 {[%emt 0:04:09]} b5 {[%emt 0:00:20]} 8. Bxg7 {[%emt 0:00:31]} Kxg7 {[%emt 0:00:06]} 9. Bd3 {[%emt 0:00:28]} Bb7 {[%emt 0:13:10]} 10. e5 {[%emt 0:05:10]} Nd5 {[%emt 0:01:35]} 11. Ne4 {[%emt 0:05:35]} Nc6 {[%emt 0:08:45]} 12. h4 {[%emt 0:09:05]} h5 {[%emt 0:01:18]} 13. g4 {[%emt 0:21:38]} hxg4 {[%emt 0:05:15]} 14. h5 {[%emt 0:01:02]} gxf3 {[%emt 0:07:45]} 15. hxg6 {[%emt 0:02:07]} Rh8 {[%emt 0:00:29]} 16. O-O-O {[%emt 0:00:26]} Nxd4 {[%emt 0:25:04]} 17. gxf7 {[%emt 0:09:27]} e6 {[%emt 0:02:19]} 18. exd6 {[%emt 0:01:43]} Kxf7 {[%emt 0:01:09]} 19. Ng5+ {[%emt 0:02:49]} Kf6 {[%emt 0:00:10]} 20. Ne4+ {[%emt 0:10:38]} Kf7 {[%emt 0:03:31]} 21. Ng5+ {[%emt 0:04:31]} Kf6 {[%emt 0:00:04]} 22. Nh7+ {[%emt 0:01:56]} Ke5 {[%emt 0:00:10]} 23. Ng5 {[%emt 0:03:42]} Kf6 {[%emt 0:02:45]} 24. Ne4+ {[%emt 0:02:13]} Kf7 {[%emt 0:00:07]} 25. Ng5+ {[%emt 0:01:10]} Kf6 {[%emt 0:00:05]} 26. Ne4+ {[%emt 0:00:43]} Kf7 {[%emt 0:00:06]} 27. Ng5+ {[%emt 0:00:34]} 1/2-1/2